|
|
|
|
| LEADER |
00000nam a22000007a 4500 |
| 005 |
20220718223117.0 |
| 007 |
cr|||| |||| |
| 008 |
220718s2022 br |||||s|||| 00||0 por d |
| 020 |
|
|
|a 978655378019-4
|
| 035 |
|
|
|a 36725
|
| 040 |
|
|
|a vLex
|
| 090 |
|
|
|c 13576
|d 13576
|
| 100 |
1 |
|
|a de Moraes Mello, Cleyson
|
| 245 |
1 |
0 |
|a Aȯ̂ civil pb︢lica
|h [Recurso electrn̤ico] /
|c Cleyson de Moraes Mello
|
| 256 |
|
|
|a Servicio en ln̕ea
|
| 260 |
|
|
|a Rio de Janeiro:
|b Editora Processo,
|c 2022
|
| 300 |
|
|
|a 1 recurso electrn̤ico
|
| 500 |
|
|
|a Esta obra oferece uma clara e panorḿica visô de como vm̊ sendo realizado os estudos, pesquisas e a jurisprudn̊cia do STF e STJ sobre a Aȯ̂ Civil Pb︢lica. O autor apresenta uma personals̕sima anl̀ise do mais refinado pensamento deste instituto jurd̕ico, abordando temas como: objeto da Aȯ̂ Civil Pb︢lica, legitimidade ativa e passiva, competn̊cia, petiȯ̂ inicial, distinȯ̂ entre Direitos Difusos, Direitos Coletivos e Direitos Individuais Homogn̊eos, litisconsr̤cio e assistn̊cia na Aȯ̂ Civil Pb︢lica, tutela provisr̤ia, termo de ajustamento de conduta, dentre outros temas processuais relevantes. A obra possibilita, portanto, o conhecimento do enfoque acadm̊ico relativamente ̉teoria e prt̀ica da Aȯ̂ Civil Pb︢lica, primando pela qualidade dos conceitos e categorias jurd̕icas.
|
| 506 |
1 |
|
|a Disponible solo en los productos indicados
|d vLex Global
|d vLex Global (Academic Edition, excluding Law Schools)
|d vLex Global (U.S. Academic Edition, Law Schools)
|d vLex Global (U.S. Academic Edition, excluding Law Schools)
|d vLex Global (Academic Edition, Law Schools)
|
| 650 |
0 |
4 |
|a Derecho Civil
|z Brasil
|
| 740 |
0 |
|
|a vLex Libros (Servicio en ln̕ea)
|
| 856 |
4 |
0 |
|u https://app.vlex.com/#/sources/36725
|z Acceso restringido
|
| 942 |
|
|
|c BOOK
|
| 999 |
0 |
|
|a Civil Law
|